Sports Quiz

Random Sports or NFL Quiz

NFL Rushing QBs (Since 2000) Quiz Stats

 Plays Quiz Updated Jan 2, 2019

Challenge
Share
Tweet
Embed
Score 0/95 Timer 08:00
2 Plays Today
Year Quarterback % Correct
2010Michael Vick
97.4%
2006Michael Vick
97.4%
2005Michael Vick
97.4%
2004Michael Vick
97.4%
2002Michael Vick
97.4%
2018Cam Newton
95.3%
2011Michael Vick
95.2%
2012Michael Vick
93.4%
2017Cam Newton
90.8%
2015Cam Newton
89.2%
2016Cam Newton
88.9%
2014Cam Newton
87.4%
2013Cam Newton
86.6%
2011Cam Newton
84.9%
2013Russell Wilson
84.8%
2012Cam Newton
84.5%
2014Russell Wilson
84.5%
2012Russell Wilson
82.6%
2018Lamar Jackson
82.5%
2015Russell Wilson
82%
2017Russell Wilson
81.8%
2003Donovan McNabb
81.2%
2002Donovan McNabb
81.2%
2007Donovan McNabb
81.2%
2006Donovan McNabb
81.2%
2004Donovan McNabb
81.2%
2001Donovan McNabb
81.2%
2000Donovan McNabb
81.2%
2009Vince Young
77.7%
2007Vince Young
77.7%
2006Vince Young
77.7%
2011Aaron Rodgers
76.9%
Year Quarterback % Correct
2016Aaron Rodgers
76.3%
2015Aaron Rodgers
76.3%
2010Aaron Rodgers
74.6%
2009Aaron Rodgers
74.6%
2012Robert Griffin III
72.8%
2013Colin Kaepernick
72.7%
2014Colin Kaepernick
71.7%
2012Colin Kaepernick
71.3%
2015Alex Smith
69.8%
2013Robert Griffin III
67.4%
2018Josh Allen
66.3%
2016Colin Kaepernick
65%
2002Daunte Culpepper
60.8%
2004Daunte Culpepper
60.8%
2003Daunte Culpepper
60.8%
2001Daunte Culpepper
60.8%
2000Daunte Culpepper
60.8%
2017Tyrod Taylor
60.3%
2016Tyrod Taylor
60.1%
2007Ben Roethlisberger
58.8%
2015Tyrod Taylor
57.7%
2018Deshaun Watson
56.3%
2002Steve McNair
52.7%
2001Steve McNair
52.7%
2011Tim Tebow
51.1%
2007Jay Cutler
48.5%
2017Dak Prescott
47.5%
2018Mitchell Trubisky
45.3%
2007Tarvaris Jackson
43.5%
2010David Garrard
42.7%
2009David Garrard
42.7%
2008David Garrard
42.7%
Year Quarterback % Correct
2006David Garrard
42.7%
2005David Garrard
42.7%
2010Josh Freeman
41.1%
2014Ryan Tannehill
39.7%
2016Blake Bortles
37.8%
2003Jeff Garcia
36.7%
2002Jeff Garcia
36.7%
2000Jeff Garcia
36.7%
2011Josh Freeman
34.8%
2009Jason Campbell
34.5%
2008Jason Campbell
34.5%
2014Blake Bortles
32.6%
2009Matt Cassel
31.3%
2008Matt Cassel
31.3%
2005David Carr
30.9%
2004David Carr
30.9%
2004Jake Plummer
28.1%
2005Aaron Brooks
27.9%
2001Aaron Brooks
27.9%
2003Kordell Stewart
26.9%
2001Kordell Stewart
26.9%
2000Kordell Stewart
26.9%
2017DeShone Kizer
26%
2010Ryan Fitzpatrick
25.1%
2008Ryan Fitzpatrick
25.1%
2000Rich Gannon
24.3%
2013Terrelle Pryor
22.5%
2003Quincy Carter
18.6%
2005J.P. Losman
15.1%
2008Tyler Thigpen
8.2%
2006Charlie Frye
4.1%

You're not logged in!

Compare scores with friends on all Sporcle quizzes.
OR
Log In

You Might Also Like...

Show Comments

Extras

Top Quizzes Today


Score Distribution

Your Account Isn't Verified!

In order to create a playlist on Sporcle, you need to verify the email address you used during registration. Go to your Sporcle Settings to finish the process.

Report this User

Report this user for behavior that violates our Community Guidelines.

Details: